| 000 | 00456nam a2200169Ia 4500 | ||
|---|---|---|---|
| 008 | 121015t2004 xxu||||| |||| 00| 0 sin d | ||
| 041 | _asin | ||
| 080 |
_aX8S1 _bWIK |
||
| 100 | _aNishantha Wikkramathilaka | ||
| 245 | _aමටම සඳක් වේ නම් | ||
| 246 | _aMatama Sandak Ve Nam | ||
| 260 |
_bNishantha Prakashana _aGnemulla _c2004 |
||
| 300 | _b52p., 21 cm | ||
| 942 | _cBK | ||
| 999 |
_c76036 _d76036 |
||
| 003 | LK-CoDNM | ||
| 040 |
_aLK-CoDNM _dLK-CoDNM _eLK-CoDNM |
||